00991nac a22002771i 4500003000900000005001700009008004100026020001500067040004300082082002200125245005900147264003100206300004500237336002600282337002800308338002700336500004000363504005200403650002100455655001700476700003400493700004100527942001200568999001500580952011800595EG-ScBUE20260120102536.0260120s1987 nyua f b 001 0 eng d a0471874167 aEG-ScBUEbengerdacEG-ScBUEdEG-ScBUE04a551.5184bFEI22200aMonsoons /cedited by Jay S. Fein, Pamela L. Stephens. 1aNew York : bWiley,c1987. axix, 632 pages :billustrations ;c25 cm 2rdacontentatextbtxt aunmediated2rdamediabn avolumebnc2rdacarrier a"A Wiley-Interscience publication." aIncludes bibliographical references and index.  7aMonsoons.2BUEsh vReading book1 aFein, Jay S.,d1937-eeditor.1 aStephens, Pamela L.,d1949-eeditor. cBB2ddc c7281d7281 00104070aMAINbMAINc1STd2017-01-08ePurchasel0o551.5184FEIp000008819r2025-07-15 00:00:00w2008-01-17yBB